Pamela or, virtue rewarded
Gorde:
| Egile nagusia: | |
|---|---|
| Formatua: | Liburua |
| Hizkuntza: | ingelesa |
| Argitaratua: |
Houghton Mifflin
1971
|
| Etiketak: |
Etiketa erantsi
Etiketarik gabe, Izan zaitez lehena erregistro honi etiketa jartzen!
|
MARC
| LEADER | 00000nam a22000007a 4500 | ||
|---|---|---|---|
| 008 | 201215b ||||| |||| 00| 0 eng d | ||
| 020 | |a 0-395-11155-2 | ||
| 100 | |a RICHARDSON, Samuel | ||
| 245 | |a Pamela or, virtue rewarded |c Samuel Richardson |g xxiii, 415p. | ||
| 250 | |c Eaves, T. C. Duncan and Kimpel, Ben D. | ||
| 260 | |b Houghton Mifflin |c 1971 |h Riverside ed.- Boston |i 688362 |l PR3664 .P19 |m Master and servant – Fiction |m Women household employee – Fiction. |m Kidnapping victims – Fiction. |m Virtue – Fiction | ||
| 942 | |a lcc |c BK |e Kuteyi, M. A. |f 15/12/2020 | ||
| 952 | |0 0 |1 0 |2 lcc |4 0 |6 PR3664 P19 |7 0 |9 537 |a HOL |b HOL |c LP |d 2020-12-15 |l 0 |o PR3664 .P19 |p 2020-2259 |r 2020-12-15 00:00:00 |w 2020-12-15 |y BK | ||
| 999 | |c 291 |d 291 | ||